000 02859agaaa2200337 4500
001 1588
003 IT-RoPAU
005 20220918181230.0
007 d cvaizq
008 50131s9999||||xx ||| | || ||und||
040 _aIT-RoPAU
_cIT-RoPAU
041 _aITALIANO
100 _aResnais Alain
_gCodice regista SPICS: 2111
_940357
130 _aMON ONCLE D'AMERIQUE - MIO ZIO D'AMERICA
_940358
240 _aMON ONCLE D'AMERIQUE
_gT1719
245 _aMON ONCLE D'AMERIQUE - MIO ZIO D'AMERICA
_cProdotto da: Dussart Philippe -- Sceneggiatura: Gruault Jean -- Diretto da: Resnais Alain
_pMON ONCLE D'AMERIQUE - MIO ZIO D'AMERICA (Rif. Codice opera principale : 21588)
246 _aMON ONCLE D'AMERIQUE
250 _aEdizione Standard
260 _a(FRANCIA)
_bANDREA FILM - T.F.1 /
_g"1980 (1° ed.: 1985 ; Ed. Lingua Orig.: 1980)"
300 _aVHS
_bsonoro, col.
_c125 minuti
508 _a"Fotografia: Vierny Sacha; Montaggio: Jurgenson Albert; Musica: Dzierlatka Arie; Sceneggiatura: Gruault Jean; "
511 _a"Depardieu Gerard; Garcia Nicole; Pierre Roger; Dubois Marie; Borgeaud Nelly; Arditi "
520 _aNEL FILM S'INTRECCIANO LE VICENDE DI TRE PROTAGONISTI JEAN LE GALL CHE PROVIENE DA UNA FAMIGLIA BORGHESE E' SPOSATO HA DUE FIGLI E' DIRIGENTE ALLA TELEVISIONE FRANCESE DI STATO HA AMBIZIONI SAGGISTICHE VIENE ESTROMESSO DALL'UFFICIO CONVIVE PER QUALCHE TEMPO CON JANINE JANINE GARNIER VIENE DA UNA FAMIGLIA OPERAIA E' COMUNISTA FUGGE DI CASA PER FARE L'ATTRICE POI PASSA A FARE LA STILISTA IN UNA FABBRICA TESSILE CHE LA METTE IN CONTATTO CON RENE' CATTOLICO PRATICANTE COME LA FAMIGLIA DI CONTADINI DA CUI PROVIENE PER QUANTO SI AGITINO E SI SFORZINO DI CAPIRE I TRE NON RIESCONO A DARSI CONTO DEI PROPRI COMPORTAMENTI SONO INFATTI DEI PERSONAGGI CAVIE A SPIEGARCELO INTERVIENE FREQUENTEMENTE IN VOCE FUORI CAMPO O IN IMMAGINE LO STESSO HENRI LABORIT ALLE CUI IDEE SI E' RIFATTO RESNAIS PER IL SUO FILM LABORIT MEDICO CHIRURGO E RICERCATORE BIOLOGICO SPIEGA I COMPORTAMENTI UMANI COSI': NON DIVERSAMENTE DAGLI ANIMALI L'UOMO E' DETERMINATO DALLA STRUTTURA BIOLOGICA E AMBIENTALE E DAGLI APPRENDIMENTI DEI PRIMI TRE ANNI UNICHE REAZIONI VITALI: LA LOTTA E LA FUGA NELL'IMPOSSIBILITA' SI RICORRE ALL'INIBIZIONE CHE CREA BLOCCO-ANGOSCIA DA CUI DERIVANO ULCERA CANCRO FOLLIA MORTE TUTTO CIO' E' RESO FILMICAMENTE OLTRE CHE DALLE SITUAZIONI DAL CONTINUO RIFERIMENTO AI COMPORTAMENTI DEI TOPI E DA FREQUENTI INSERTI DEI FILM PIU' FAMILIARI AI PROTAGONISTI
538 _aPAL, STEREO
546 _aITALIANO
650 _aDOCUMENTARIO
_eFILMS [VHS]
_xCodice MATERIA SPICS: 9960
_934095
700 _aDzierlatka Arie
_e(musica)
_gCodice Musica SPICS: 29791
_940359
700 _aLaborit Henri
_e(soggetto)
_gCodice Soggetto SPICS: 3436
_940360
700 _aResnais Alain
_e(regista)
_gCodice regista SPICS: 2111
_940361
942 _cVH
_2ddc
999 _c105253
_d105253